[Event "Albrecht-Beer-Turnier Gera"]
[Site "Gera"]
[Date "2024.10.03"]
[Round "1.64"]
[White "Hofmann, Robby"]
[Black "Gersemann, Olaf"]
[Result "1-0"]
[WhiteElo "1861"]
[BlackElo "1440"]
[PlyCount "83"]
[EventDate "2024.10.03"]
[BlackTeam "TSG Oberschöneweide"]

1. e4 b6 2. d4 Bb7 3. Nc3 e6 4. Nf3 d5 5. exd5 exd5 6. Bd3 Nf6 7. O-O Be7 8.
Re1 O-O 9. a3 Re8 10. Bg5 h6 11. Bh4 Nbd7 12. Ne5 Nxe5 13. dxe5 Nh7 14. Bg3 a6
15. Qd2 Bg5 16. f4 Be7 17. Rad1 d4 18. Ne2 c5 19. c4 Bh4 20. Bxh4 Qxh4 21. Ng3
Nf8 22. Nf5 Qg4 23. Nd6 Re7 24. Nxb7 Rxb7 25. Be4 Rab8 26. Bxb7 Rxb7 27. g3 Re7
28. Qd3 Ne6 29. Re4 Nc7 30. Rf1 Qd7 31. f5 Re8 32. b4 Qc6 33. Rfe1 a5 34. b5
Qd7 35. Kg2 Qxf5 36. Rxd4 Rxe5 37. Qxf5 Rxf5 38. Rd6 Rf6 39. Rxf6 gxf6 40. Re7
Ne6 41. Rb7 Kg7 42. Rxb6 1-0

[Event "Albrecht-Beer-Turnier Gera"]
[Site "Gera"]
[Date "2024.10.03"]
[Round "1.66"]
[White "Gersemann, Karl"]
[Black "Boroshneva, Kassia"]
[Result "1-0"]
[WhiteElo "1846"]
[BlackElo "1427"]
[PlyCount "119"]
[EventDate "2024.10.03"]
[WhiteTeam "TSG Oberschöneweide"]
[BlackTeam "SC Turm Erfurt"]

1. e4 e5 2. Nf3 Nc6 3. Bb5 d6 4. c3 a6 5. Ba4 Bd7 6. O-O Nf6 7. Re1 Be7 8. d4
O-O 9. Nbd2 Bg4 10. h3 Bh5 11. g4 Bg6 12. Bxc6 bxc6 13. Qa4 Qd7 14. dxe5 Ne8
15. exd6 cxd6 16. Nd4 Rc8 17. f4 h6 18. f5 Bh7 19. Qxa6 Nf6 20. Nc4 d5 21. Nb6
Qc7 22. e5 Rb8 23. Na4 Ne4 24. Qxc6 Qxe5 25. Ne2 Rbc8 26. Bf4 Qxf4 27. Nxf4
Rxc6 28. Nxd5 Bf6 29. Rxe4 Rd8 30. Rae1 Rcc8 31. Nab6 Rb8 32. Nd7 Bxf5 33.
N5xf6+ gxf6 34. Nxf6+ Kg7 35. Ne8+ Kf8 36. gxf5 Rxe8 37. Rxe8+ Rxe8 38. Rxe8+
Kxe8 39. f6 Kd7 40. h4 Ke6 41. a4 Kd5 42. a5 Kc5 43. Kf2 Kb5 44. b4 h5 45. Ke3
Ka6 46. Kf4 Kb5 47. Kg5 Kc4 48. Kxh5 Kxc3 49. Kh6 Kxb4 50. a6 Kc5 51. a7 Kd5
52. a8=Q+ Kd4 53. Kg5 Kd3 54. Kf4 Kd4 55. Qd8+ Kc5 56. Ke4 Kc4 57. Qc7+ Kb5 58.
Kd4 Kb4 59. Qb6+ Ka4 60. Kc3 1-0

[Event "Albrecht-Beer-Turnier Gera"]
[Site "Gera"]
[Date "2024.10.03"]
[Round "2.1"]
[White "Richter, Michael"]
[Black "Phenn, Jan-Niklas"]
[Result "1-0"]
[WhiteElo "2420"]
[BlackElo "1943"]
[PlyCount "107"]
[EventDate "2024.10.03"]
[WhiteTeam "SK König Tegel 1949"]
[BlackTeam "SC Reichenbach"]

1. d4 d5 2. c4 e6 3. Nc3 c5 4. cxd5 cxd4 5. Qa4+ Bd7 6. Qxd4 exd5 7. Qxd5 Nf6
8. Qd1 Bb4 9. Nf3 O-O 10. e3 Nc6 11. Be2 Qe7 12. O-O Rfd8 13. a3 Bd6 14. Nb5
Bb8 15. Nbd4 Ne5 16. b4 a5 17. Bd2 Ne4 18. bxa5 Bg4 19. Bb4 Qf6 20. Nxe5 Bxe2
21. Qxe2 Bxe5 22. Rad1 Bxd4 23. Rxd4 Rxd4 24. exd4 Qxd4 25. Rd1 Nc3 26. Qd2
Qxd2 27. Rxd2 Ne4 28. Rd7 Rb8 29. f3 Nf6 30. Rd4 h6 31. Be7 Ra8 32. Bd8 Kh7 33.
Kf2 Kg6 34. h4 Kf5 35. g4+ Ke6 36. Bxf6 Kxf6 37. Rd5 Ke6 38. Rb5 Ra7 39. Ke3
Kd6 40. Kd4 Kc6 41. Rc5+ Kd6 42. Rf5 f6 43. Rb5 Kc6 44. Rc5+ Kd6 45. a4 Ra8 46.
Rb5 Kc6 47. Ke4 Rd8 48. h5 Rd7 49. Kf5 Kd6 50. Kg6 Kc6 51. Rb6+ Kc5 52. Re6 Kd5
53. Re8 Kc6 54. Rf8 1-0

[Event "Albrecht-Beer-Turnier Gera"]
[Site "Gera"]
[Date "2024.10.03"]
[Round "2.2"]
[White "Neumann, Michael"]
[Black "Langheinrich, Ferenc"]
[Result "0-1"]
[WhiteElo "1920"]
[BlackElo "2335"]
[PlyCount "38"]
[EventDate "2024.10.03"]
[WhiteTeam "SV Mattnetz Berlin"]
[BlackTeam "ESV Nickelhütte Aue"]

1. e4 c6 2. d3 d5 3. Nd2 e5 4. Ngf3 Bd6 5. d4 exd4 6. Nxd4 Nf6 7. exd5 Nxd5 8.
Nc4 Bb4+ 9. Bd2 O-O 10. Be2 Bxd2+ 11. Qxd2 Qf6 12. O-O Nf4 13. c3 c5 14. Nb3
Nc6 15. Ne3 Qg6 16. Rfe1 Bf5 17. Bf3 Rad8 18. Nd5 Nxd5 19. Bxd5 c4 0-1

[Event "Albrecht-Beer-Turnier Gera"]
[Site "Gera"]
[Date "2024.10.03"]
[Round "2.3"]
[White "Thielsch, Norman"]
[Black "Schönfeld, Volker"]
[Result "1/2-1/2"]
[WhiteElo "2323"]
[BlackElo "1940"]
[PlyCount "84"]
[EventDate "2024.10.03"]
[WhiteTeam "Chemnitzer SC Aufbau`95"]
[BlackTeam "VfL 1990 Gera"]

1. d4 Nf6 2. Nf3 g6 3. c4 Bg7 4. g3 c6 5. Bg2 d5 6. cxd5 cxd5 7. Ne5 O-O 8. O-O
Ng4 9. Qb3 Nxe5 10. dxe5 Nc6 11. Rd1 e6 12. f4 Qc7 13. Be3 b6 14. Na3 Ba6 15.
Rac1 Rfc8 16. Qa4 Qb7 17. Rd2 Ne7 18. Rcd1 b5 19. Qb3 b4 20. Nc2 Rab8 21. Nd4
Nf5 22. Bf2 Nxd4 23. Bxd4 Bf8 24. e4 Bc4 25. Qe3 b3 26. exd5 Bxd5 27. Bxd5 exd5
28. axb3 a6 29. e6 fxe6 30. Qxe6+ Qf7 31. Qxa6 Bc5 32. Bxc5 Rxc5 33. Qd6 Rcb5
34. Rxd5 Rxb3 35. Qe5 Qa7+ 36. Kg2 Qb7 37. Kh3 Qc8+ 38. Rd7 Qf8 39. Qe6+ Kh8
40. Qe5+ Kg8 41. Qe6+ Kh8 42. Qe5+ Kg8 1/2-1/2

[Event "Albrecht-Beer-Turnier Gera"]
[Site "Gera"]
[Date "2024.10.03"]
[Round "2.4"]
[White "Homberger, Jan"]
[Black "Kapp, Martin"]
[Result "0-1"]
[WhiteElo "1915"]
[BlackElo "2193"]
[PlyCount "96"]
[EventDate "2024.10.03"]
[WhiteTeam "SSV Vimaria 91 Weimar"]
[BlackTeam "SV Eiche Reichenbrand"]

1. Nf3 Nf6 2. g3 d5 3. Bg2 c6 4. O-O Bg4 5. h3 Bxf3 6. exf3 e6 7. b3 g6 8. Bb2
Bg7 9. d3 O-O 10. Nd2 Nbd7 11. f4 Qb6 12. Nf3 a5 13. g4 a4 14. Ne5 Qb4 15. d4
a3 16. c3 Qa5 17. b4 Qc7 18. Bc1 Ra7 19. g5 Ne4 20. Bxe4 dxe4 21. Re1 b6 22.
Rxe4 c5 23. Qb3 cxd4 24. cxd4 b5 25. Bxa3 Qb7 26. Ree1 Nb6 27. Bb2 Nd5 28. Bc1
Qa8 29. a3 Rc8 30. Bd2 Rcc7 31. Qb2 Bf8 32. Rec1 Rxc1+ 33. Bxc1 Bxb4 34. Bd2
Bxd2 35. Qxd2 b4 36. Ng4 bxa3 37. Ra2 Kg7 38. Kh2 Qb8 39. Kg3 Qb3+ 40. f3 Nc3
41. Qe3 Ra5 42. Nh6 Rd5 43. Kg4 Qxa2 44. Qxc3 Qg2+ 45. Kh4 Qf2+ 46. Kg4 f5+ 47.
gxf6+ Kxh6 48. f5 exf5+ 0-1

[Event "Albrecht-Beer-Turnier Gera"]
[Site "Gera"]
[Date "2024.10.03"]
[Round "2.5"]
[White "Czäczine, Anne"]
[Black "Just, Anita"]
[Result "1-0"]
[WhiteElo "2184"]
[BlackElo "1918"]
[PlyCount "131"]
[EventDate "2024.10.03"]
[WhiteTeam "Chemnitzer SC Aufbau`95"]
[BlackTeam "SV Weißblau Allianz Leipzig e.V."]

1. e4 e6 2. d4 d5 3. e5 c5 4. c3 Qb6 5. Nf3 Bd7 6. Be2 Bb5 7. O-O Bxe2 8. Qxe2
Nc6 9. dxc5 Bxc5 10. b4 Bf8 11. a4 Nge7 12. Na3 Ng6 13. h4 h5 14. Nb5 Be7 15.
a5 Qd8 16. g3 a6 17. Nbd4 Qc7 18. Nxc6 Qxc6 19. Bd2 Rc8 20. Rfe1 Qc4 21. Qd1
Qc7 22. Rc1 Qc4 23. Be3 Qg4 24. Bd4 Nf4 25. Nh2 Qg6 26. Re3 Bxh4 27. Kh1 Nh3
28. Qf1 Nxf2+ 29. Qxf2 Bg5 30. Rf1 Bxe3 31. Qxe3 h4 32. g4 h3 33. Bc5 Qc2 34.
Rf2 Qd1+ 35. Rf1 Qc2 36. Qf3 Qg6 37. Rg1 Qg5 38. Qg3 Qg6 39. Re1 Qc2 40. Qf3
Qg6 41. c4 Rd8 42. Bd6 Qc2 43. cxd5 exd5 44. Qxd5 Rc8 45. e6 Qg2+ 46. Qxg2
hxg2+ 47. Kxg2 fxe6 48. Bc5 Kf7 49. Nf3 Rhe8 50. Ng5+ Kf6 51. Ne4+ Kg6 52. Nd6
Rxc5 53. bxc5 Re7 54. Kf3 e5 55. Ke4 Kg5 56. Rg1 Rc7 57. Kd5 Kf4 58. g5 g6 59.
Rb1 Rh7 60. Rxb7 Rh1 61. Rb4+ Kxg5 62. Kxe5 Ra1 63. Rc4 Rxa5 64. Ke6 Ra1 65. c6
a5 66. c7 1-0

[Event "Albrecht-Beer-Turnier Gera"]
[Site "Gera"]
[Date "2024.10.03"]
[Round "2.6"]
[White "Kerstan, André"]
[Black "Philipp, Mathias"]
[Result "0-1"]
[WhiteElo "1908"]
[BlackElo "2175"]
[PlyCount "56"]
[EventDate "2024.10.03"]
[WhiteTeam "SG BiBaBo Leipzig"]
[BlackTeam "SSV Vimaria 91 Weimar"]

1. d4 d5 2. c4 c6 3. Nf3 Nf6 4. Nc3 e6 5. Bg5 Be7 6. e3 Nbd7 7. Rc1 O-O 8. Bd3
h6 9. Bh4 a6 10. O-O dxc4 11. Bxc4 b5 12. Bd3 c5 13. dxc5 Nxc5 14. Bb1 Bb7 15.
Qc2 g5 16. Rfd1 Qb6 17. Nxg5 hxg5 18. Bxg5 Nce4 19. Bxf6 Nxf6 20. Rd4 Rfd8 21.
Rf4 Rac8 22. a3 a5 23. b4 axb4 24. axb4 e5 25. Qf5 exf4 26. Qg5+ Kf8 27. Qh6+
Ke8 28. Qh8+ Bf8 0-1

[Event "Albrecht-Beer-Turnier Gera"]
[Site "Gera"]
[Date "2024.10.03"]
[Round "2.7"]
[White "Schulz, Karsten"]
[Black "Besancon, Pascal"]
[Result "1/2-1/2"]
[WhiteElo "2166"]
[BlackElo "1912"]
[PlyCount "88"]
[EventDate "2024.10.03"]
[WhiteTeam "SF Schwerin"]
[BlackTeam "SK Weida"]

1. Nf3 Nf6 2. c4 e6 3. g3 Be7 4. Bg2 d5 5. O-O O-O 6. b3 c6 7. Bb2 Nbd7 8. e3
b6 9. Nc3 Bb7 10. Qe2 Ne4 11. Rfd1 Bf6 12. d4 Nxc3 13. Bxc3 Rc8 14. Rac1 Qe7
15. e4 dxe4 16. Qxe4 Rfd8 17. h4 Ba8 18. Qe2 c5 19. dxc5 Bxc3 20. Rxc3 Nxc5 21.
Rcc1 Rxd1+ 22. Rxd1 Rd8 23. Ne5 Bxg2 24. Kxg2 Rxd1 25. Qxd1 f6 26. Nc6 Qc7 27.
Qf3 a5 28. Nd4 Qd7 29. Nb5 e5 30. Nc3 Qe6 31. Qa8+ Kf7 32. Nd5 Nd7 33. Nc7 Qe7
34. Qd5+ Kg6 35. Qe4+ Kh6 36. Nd5 Qe6 37. Qe3+ g5 38. hxg5+ fxg5 39. f3 Qg6 40.
Qe2 Kg7 41. Nc3 h5 42. Ne4 Nf6 43. Nf2 Qf5 44. Ne4 Nxe4 1/2-1/2

[Event "Albrecht-Beer-Turnier Gera"]
[Site "Gera"]
[Date "2024.10.03"]
[Round "2.8"]
[White "Niemann, Silvio"]
[Black "Torosyan, Bagrat"]
[Result "1/2-1/2"]
[WhiteElo "1901"]
[BlackElo "2164"]
[PlyCount "58"]
[EventDate "2024.10.03"]
[WhiteTeam "SV Blau-Weiß 69 Parchim"]
[BlackTeam "TSG Oberschöneweide e.V."]

1. e4 e5 2. Nf3 Nc6 3. d4 exd4 4. Nxd4 Bc5 5. Nxc6 Qf6 6. Qe2 bxc6 7. e5 Qe6 8.
Be3 Bb6 9. Bxb6 axb6 10. Nc3 Ba6 11. Qe3 Bxf1 12. Rxf1 Ne7 13. O-O-O O-O 14. g4
b5 15. b3 b4 16. Na4 Nd5 17. Qd4 Rxa4 18. bxa4 Nc3 19. Rde1 Ra8 20. f4 Rxa4 21.
f5 Qxa2 22. Qxd7 h6 23. e6 Qa3+ 24. Kd2 Nd5 25. exf7+ Kh7 26. f8=N+ Kh8 27.
Ng6+ Kh7 28. Nf8+ Kh8 29. Ng6+ Kh7 1/2-1/2

[Event "Albrecht-Beer-Turnier Gera"]
[Site "Gera"]
[Date "2024.10.03"]
[Round "2.9"]
[White "Schaudin, Andreas"]
[Black "Schuricht, Emil Frederick"]
[Result "0-1"]
[WhiteElo "1885"]
[BlackElo "2145"]
[PlyCount "56"]
[EventDate "2024.10.03"]
[WhiteTeam "SZ Elstertal Langenberg"]
[BlackTeam "Krefelder SK Turm 1851"]

1. Nf3 d5 2. c4 e6 3. e3 Nf6 4. b3 Be7 5. Bb2 O-O 6. Be2 b6 7. O-O c5 8. d3 Nc6
9. Nbd2 Bb7 10. cxd5 Nxd5 11. Nc4 Bf6 12. e4 Nc3 13. Qd2 Nxe2+ 14. Qxe2 Bxb2
15. Nxb2 e5 16. Rfd1 Qe7 17. Qe3 Rfd8 18. Rd2 Rd7 19. Rc1 Rdd8 20. Ne1 Ba6 21.
a3 Nd4 22. Rc3 b5 23. Rd1 b4 24. axb4 cxb4 25. Rcc1 Nxb3 26. Rb1 Bb5 27. d4
Nxd4 28. Rd2 a5 0-1

[Event "Albrecht-Beer-Turnier Gera"]
[Site "Gera"]
[Date "2024.10.03"]
[Round "2.10"]
[White "Herrmann, Jakob"]
[Black "Aniol, Adrian"]
[Result "1-0"]
[WhiteElo "2142"]
[BlackElo "1901"]
[PlyCount "91"]
[EventDate "2024.10.03"]
[WhiteTeam "SAV Torgelow-Drögeheide 90"]
[BlackTeam "VfL 1990 Gera"]

1. Nf3 Nf6 2. g3 g6 3. Bg2 Bg7 4. O-O O-O 5. d4 d5 6. c4 c6 7. cxd5 cxd5 8. Ne5
Qb6 9. Nc3 Be6 10. e3 Rd8 11. Na4 Qb5 12. Re1 b6 13. Bd2 Qe8 14. Rc1 Nfd7 15.
Nd3 f5 16. Nf4 Nf8 17. Nc3 Bf7 18. Ncxd5 Na6 19. Qe2 b5 20. Rc6 Rd6 21. Rxa6
Rxa6 22. Nc7 Qd7 23. Nxa6 Rc8 24. Nc5 Qd6 25. b4 Bc4 26. Qd1 g5 27. Nfd3 Qg6
28. Nb2 Bxa2 29. Qa1 Qf7 30. Nd1 e5 31. dxe5 Rd8 32. Bc3 Qc4 33. Bd4 Kh8 34.
Nc3 Bb3 35. Qb2 Ba4 36. N3xa4 bxa4 37. e6 Bxd4 38. exd4 Ng6 39. e7 Re8 40. d5+
Kg8 41. d6 Kf7 42. d7 Rxe7 43. Rxe7+ Kxe7 44. Qg7+ Kd8 45. Nb7+ Kc7 46. d8=Q#
1-0

[Event "Albrecht-Beer-Turnier Gera"]
[Site "Gera"]
[Date "2024.10.03"]
[Round "2.11"]
[White "Dettmann, Gerd"]
[Black "Kosovska, Olena"]
[Result "1-0"]
[WhiteElo "2105"]
[BlackElo "1896"]
[PlyCount "73"]
[EventDate "2024.10.03"]
[WhiteTeam "SG Güstrow/Teterow"]
[BlackTeam "SG Grün-Weiß Dresden"]

1. e4 c5 2. Nf3 d6 3. d4 cxd4 4. Nxd4 Nf6 5. Nc3 g6 6. Be3 Bg7 7. f3 Nc6 8. Qd2
O-O 9. O-O-O Bd7 10. g4 Rc8 11. h4 h5 12. g5 Ne8 13. f4 Qa5 14. a3 Nc7 15. Kb1
Ne6 16. Nxc6 bxc6 17. e5 Rb8 18. Bc4 Qxa3 19. Bb3 Qa5 20. exd6 exd6 21. Qxd6
Rb7 22. Ne4 Qf5 23. Ng3 Qa5 24. f5 Be5 25. Qd3 Nc5 26. Bxc5 Qxc5 27. fxg6 Bg4
28. gxf7+ Kg7 29. Ne4 Qa5 30. Rdf1 Rd7 31. Qc4 Qb6 32. Qc5 Qc7 33. Nf6 Bxf6 34.
Rxf6 Qg3 35. Qxc6 Rdxf7 36. Rxf7+ Rxf7 37. Qh6+ 1-0

[Event "Albrecht-Beer-Turnier Gera"]
[Site "Gera"]
[Date "2024.10.03"]
[Round "2.12"]
[White "Kaipalath, Varun Raj"]
[Black "Carnot, Luca"]
[Result "1/2-1/2"]
[WhiteElo "1882"]
[BlackElo "2073"]
[PlyCount "134"]
[EventDate "2024.10.03"]
[WhiteTeam "SV Schott Jena"]
[BlackTeam "TSG Apolda"]

1. e4 c5 2. Nf3 Nc6 3. d4 cxd4 4. Nxd4 Qb6 5. Nb3 Nf6 6. Nc3 e6 7. Be3 Qc7 8.
a3 a6 9. Be2 Be7 10. O-O O-O 11. f4 d6 12. Qe1 b5 13. Qg3 Re8 14. Bf3 Rb8 15.
f5 Ne5 16. fxe6 Bxe6 17. Nd4 Nc4 18. Bh6 Bf8 19. Kh1 Qa5 20. Nb3 Qb6 21. Be2
Nd7 22. Bxc4 bxc4 23. Be3 Qc7 24. Nd4 Rxb2 25. Rf2 Qa5 26. Nxe6 fxe6 27. Bh6
Qe5 28. Bf4 Qf6 29. Raf1 Qg6 30. Qf3 Be7 31. Qe2 Bh4 32. g3 Bf6 33. Nd1 Rb5 34.
Bxd6 Rc8 35. Ne3 Qxe4+ 36. Ng2 Qxe2 37. Rxe2 Rf5 38. Rfe1 Rd5 39. Rxe6 Rc6 40.
Re8+ Kf7 41. Bf4 g5 42. Bc1 Ne5 43. Ra8 Ng4 44. h3 Nf2+ 45. Kh2 Rd1 46. Ra7+
Kg6 47. Rxd1 Nxd1 48. Rd7 Nc3 49. h4 h6 50. g4 Be5+ 51. Kh3 Ne4 52. Be3 gxh4
53. Nxh4+ Kf6 54. Rh7 Ng5+ 55. Bxg5+ Kxg5 56. Nf3+ Kf4 57. Nxe5 Kxe5 58. Kh4
Rg6 59. Rd7 Ke4 60. c3 Kf4 61. Rd4+ Ke3 62. Rxc4 Kf3 63. Rd4 Rc6 64. Rd3+ Ke4
65. Rg3 Kf4 66. Rd3 Ke4 67. Rg3 Kf4 1/2-1/2

[Event "Albrecht-Beer-Turnier Gera"]
[Site "Gera"]
[Date "2024.10.03"]
[Round "2.13"]
[White "Hilbert, Stephan-Jörg"]
[Black "Buzzoni, Eugenio"]
[Result "0-1"]
[WhiteElo "1867"]
[BlackElo "2060"]
[PlyCount "118"]
[EventDate "2024.10.03"]
[WhiteTeam "SV Motor Zeitz"]
[BlackTeam "SF Berlin 1903"]

1. b4 d5 2. Bb2 Nf6 3. e3 Bg4 4. Nf3 e6 5. a3 Bd6 6. Be2 O-O 7. d3 Qe8 8. Nbd2
e5 9. O-O c6 10. c4 h6 11. Re1 Nbd7 12. Qc2 Bf5 13. h3 Rc8 14. Qb3 Bb8 15. Bf1
e4 16. Nd4 Bg6 17. cxd5 cxd5 18. Rac1 Qe7 19. dxe4 Nxe4 20. N2f3 Ndf6 21. Rxc8
Rxc8 22. Rc1 Rxc1 23. Bxc1 Qc7 24. Qc2 Qxc2 25. Nxc2 Nxf2 26. Nce1 N6e4 27. Bb2
Nd1 28. Bd4 b6 29. Ba6 Bg3 30. Nd3 f6 31. Bb7 Ndc3 32. Nf4 Bf7 33. Kf1 Kf8 34.
Ne2 Nxe2 35. Kxe2 Ke7 36. a4 Kd6 37. a5 Kc7 38. Ba6 Bd6 39. axb6+ axb6 40. b5
Bg6 41. g4 Nc5 42. Ne1 Be4 43. h4 Nxa6 44. bxa6 Bc5 45. Bc3 b5 46. g5 fxg5 47.
Bxg7 gxh4 48. Bxh6 Kb6 49. Bf4 Kxa6 50. Nf3 Bxf3+ 51. Kxf3 Be7 52. Be5 b4 53.
e4 dxe4+ 54. Kxe4 Kb5 55. Kf3 Kc4 56. Kg4 b3 57. Bb2 Kd3 58. Kh3 Kc2 59. Ba1
Bb4 0-1

[Event "Albrecht-Beer-Turnier Gera"]
[Site "Gera"]
[Date "2024.10.03"]
[Round "2.14"]
[White "Stiehler, Daniel"]
[Black "Ahmed, Daniel"]
[Result "0-1"]
[WhiteElo "1856"]
[BlackElo "2046"]
[PlyCount "100"]
[EventDate "2024.10.03"]
[WhiteTeam "Muldental Wilkau-Haßlau"]
[BlackTeam "SV Motor Zeitz"]

1. e4 d5 2. exd5 Qxd5 3. Nc3 Qd8 4. Bc4 Nf6 5. d4 g6 6. Nf3 Bg7 7. Bf4 O-O 8.
O-O a6 9. Re1 Nc6 10. Qd2 Bg4 11. d5 Bxf3 12. dxc6 Qxd2 13. Bxd2 Bxc6 14. Rxe7
Ne8 15. Rae1 Bf6 16. R7e2 Nd6 17. Bb3 Rfd8 18. Nd1 Nf5 19. Bc3 Bg5 20. Ne3 Bb5
21. Rd2 Re8 22. a4 Bc6 23. Rde2 Bxe3 24. fxe3 Re4 25. a5 Rae8 26. Bd2 Bb5 27.
Rf2 Bc4 28. Rf4 Rxf4 29. exf4 Rxe1+ 30. Bxe1 Bxb3 31. cxb3 Nd4 32. b4 Ne2+ 33.
Kf2 Nxf4 34. Kf3 Ne6 35. Ke4 f6 36. h4 h5 37. Bc3 Kf7 38. g3 c6 39. b5 axb5 40.
Bb4 Ke8 41. Bd6 Kd7 42. Bb4 Nc7 43. Bc5 Na6 44. Bf8 Ke6 45. b4 Nb8 46. Bc5 Na6
47. Bf8 g5 48. hxg5 fxg5 49. Kd4 h4 50. gxh4 gxh4 0-1

[Event "Albrecht-Beer-Turnier Gera"]
[Site "Gera"]
[Date "2024.10.03"]
[Round "2.15"]
[White "Pietzsch, Manuel"]
[Black "Schönrock, Rüdiger"]
[Result "1/2-1/2"]
[WhiteElo "2042"]
[BlackElo "1891"]
[PlyCount "23"]
[EventDate "2024.10.03"]
[WhiteTeam "SV Motor Zeitz"]
[BlackTeam "Glauchauer SC 1873"]

1. e4 e5 2. Nf3 Nf6 3. d4 exd4 4. e5 Ne4 5. Qxd4 d5 6. exd6 Nxd6 7. Bd3 Qe7+ 8.
Qe3 Bf5 9. Qxe7+ Bxe7 10. Bxf5 Nxf5 11. Bf4 Nc6 12. Nc3 1/2-1/2

[Event "Albrecht-Beer-Turnier Gera"]
[Site "Gera"]
[Date "2024.10.03"]
[Round "2.16"]
[White "Seidel, Oliver"]
[Black "Steinbacher, Claudia"]
[Result "1-0"]
[WhiteElo "1835"]
[BlackElo "2041"]
[PlyCount "67"]
[EventDate "2024.10.03"]
[WhiteTeam "SC Reichenbach"]
[BlackTeam "Rodewischer Schachmiezen"]

1. e4 c5 2. Nf3 a6 3. d4 cxd4 4. c3 dxc3 5. Nxc3 Nc6 6. Bc4 e6 7. Bf4 d6 8. Qd2
Be7 9. Rd1 Nf6 10. Bxd6 Qxd6 11. Qxd6 Bxd6 12. Rxd6 Ke7 13. Rd2 b5 14. Bb3 Na5
15. Nd4 b4 16. Na4 Nxe4 17. Re2 Nxb3 18. axb3 Bb7 19. f3 Nd6 20. Kf2 Rac8 21.
Rhe1 Rhd8 22. Nb6 Rc7 23. Kf1 Kf6 24. h4 Nb5 25. Nc2 Nd4 26. Nxd4 Rxd4 27. h5
h6 28. Re5 Rc2 29. R1e2 Rc1+ 30. Kf2 Bc6 31. Kg3 Bb5 32. R2e4 Rd3 33. Kf4 Rxb3
34. Nd5+ 1-0

[Event "Albrecht-Beer-Turnier Gera"]
[Site "Gera"]
[Date "2024.10.03"]
[Round "2.17"]
[White "Puschendorf, Steffen"]
[Black "Lorenz, Veronika"]
[Result "0-1"]
[WhiteElo "2032"]
[BlackElo "1882"]
[PlyCount "100"]
[EventDate "2024.10.03"]
[WhiteTeam "ESV Gera"]
[BlackTeam "TSG Oberschöneweide"]

1. d4 Nf6 2. c4 g6 3. f3 Bg7 4. e4 d6 5. Ne2 O-O 6. Be3 e5 7. Nbc3 exd4 8. Nxd4
Nc6 9. Qd2 Be6 10. O-O-O Qe7 11. h4 h5 12. Bg5 Qd7 13. Nxe6 Qxe6 14. Nd5 Rac8
15. g3 Qe5 16. Bf4 Qe8 17. Bh3 Nxd5 18. exd5 Nd4 19. Rhe1 Qa4 20. Kb1 Nxf3 21.
Qc1 Rce8 22. b3 Qb4 23. Re3 Nd4 24. Rde1 Rxe3 25. Rxe3 b5 26. Qe1 Qc5 27. Bf1
bxc4 28. Bxc4 Nf5 29. Rd3 Rb8 30. Qc1 Re8 31. Rd2 Nd4 32. Qd1 a5 33. a4 Kh7 34.
Ka2 Nf5 35. Re2 Rxe2+ 36. Bxe2 Qc3 37. Qc1 Qxc1 38. Bxc1 Nxg3 39. Bd3 Bc3 40.
Bb2 Be1 41. Bf6 Nf5 42. Bxf5 gxf5 43. Kb2 Kg6 44. Bc3 Bxc3+ 45. Kxc3 f4 46. b4
axb4+ 47. Kd3 f3 48. a5 f2 49. Ke2 f1=Q+ 50. Kxf1 b3 0-1

[Event "Albrecht-Beer-Turnier Gera"]
[Site "Gera"]
[Date "2024.10.03"]
[Round "2.18"]
[White "Meyner, Hannes"]
[Black "Hanmuradov, Ülwi"]
[Result "1-0"]
[WhiteElo "2016"]
[BlackElo "1872"]
[PlyCount "99"]
[EventDate "2024.10.03"]
[WhiteTeam "SAbt TG 1949 Wehlheiden"]
[BlackTeam "ESV Gera"]

1. c4 Nf6 2. g3 e6 3. Bg2 d5 4. Nf3 Be7 5. O-O O-O 6. d4 Nbd7 7. Nc3 c6 8. Nd2
b6 9. e4 dxe4 10. Ndxe4 Bb7 11. Bf4 Nxe4 12. Nxe4 Nf6 13. Qc2 Qc8 14. Bd6 Bxd6
15. Nxd6 Qd7 16. c5 Nd5 17. Rfe1 b5 18. Bxd5 cxd5 19. b4 Bc6 20. Qe2 a6 21. f4
g6 22. Rf1 Ra7 23. Rab1 Rfa8 24. g4 f5 25. g5 Qe7 26. Rfe1 Bd7 27. Rbc1 Rc7 28.
Rc3 Raa7 29. Ra3 Qg7 30. Qf2 Ra8 31. Ra5 Rca7 32. Re5 Qe7 33. Qe3 Kf8 34. Qe1
Qg7 35. h4 h6 36. Qg3 h5 37. Qc3 Qe7 38. Qe1 Qg7 39. Kg2 Qe7 40. Kh3 Qg7 41.
Ra3 Kg8 42. Rae3 a5 43. c6 Bxc6 44. Rxe6 Rf8 45. bxa5 Bd7 46. R6e5 Rfa8 47. Qb4
Qf8 48. Qc5 Rxa5 49. Qxd5+ Kh8 50. Nf7+ 1-0

[Event "Albrecht-Beer-Turnier Gera"]
[Site "Gera"]
[Date "2024.10.03"]
[Round "2.19"]
[White "Seidens, Gunter"]
[Black "Hofmann, Robby"]
[Result "1-0"]
[WhiteElo "2005"]
[BlackElo "1861"]
[PlyCount "61"]
[EventDate "2024.10.03"]
[WhiteTeam "VfL 1990 Gera"]

1. d4 Nf6 2. c4 g6 3. Nc3 Bg7 4. e4 d6 5. g3 O-O 6. Bg2 Nc6 7. h3 a6 8. Nf3 Re8
9. O-O e5 10. Be3 Rb8 11. Rc1 b5 12. cxb5 axb5 13. Nd5 Nxd5 14. exd5 Ne7 15.
dxe5 dxe5 16. Rc5 Nf5 17. Bc1 Nd6 18. b3 Ra8 19. a3 Ne4 20. Rc2 Bb7 21. Nd2
Nxd2 22. Qxd2 Qd6 23. Rd1 Rad8 24. Qa5 c6 25. Qb6 Rd7 26. Bf3 e4 27. dxc6 Qxd1+
28. Bxd1 Rxd1+ 29. Kh2 Ba8 30. Be3 Bf8 31. c7 1-0

[Event "Albrecht-Beer-Turnier Gera"]
[Site "Gera"]
[Date "2024.10.03"]
[Round "2.20"]
[White "Binder, Andreas"]
[Black "Hoffmann, Tim"]
[Result "0-1"]
[WhiteElo "1821"]
[BlackElo "2004"]
[PlyCount "48"]
[EventDate "2024.10.03"]
[WhiteTeam "SK Weiden 1907"]
[BlackTeam "SF Greiz"]

1. e4 c5 2. Nf3 a6 3. d4 cxd4 4. Nxd4 Nf6 5. Nc3 e5 6. Nf3 Bb4 7. Bd3 d5 8. Bd2
Bxc3 9. Bxc3 dxe4 10. Bb5+ axb5 11. Qxd8+ Kxd8 12. Nxe5 Be6 13. b3 Nc6 14.
Nxc6+ bxc6 15. O-O-O+ Kc7 16. Be5+ Kb7 17. Kb2 Rhd8 18. Rhe1 Rd5 19. Rxd5 cxd5
20. h3 Nd7 21. Bd4 g6 22. Re3 Rc8 23. c3 Nc5 24. Kc2 Nd3 0-1

[Event "Albrecht-Beer-Turnier Gera"]
[Site "Gera"]
[Date "2024.10.03"]
[Round "2.21"]
[White "Röhl, Rainer"]
[Black "Gersemann, Karl"]
[Result "1/2-1/2"]
[WhiteElo "2001"]
[BlackElo "1846"]
[PlyCount "104"]
[EventDate "2024.10.03"]
[WhiteTeam "SSC Graal-Müritz"]
[BlackTeam "TSG Oberschöneweide"]

1. Nf3 Nf6 2. e3 e6 3. d4 d5 4. Bd3 Nbd7 5. Nbd2 c5 6. c3 Bd6 7. O-O O-O 8. Re1
cxd4 9. exd4 Re8 10. Ne5 Nf8 11. Ndf3 N6d7 12. Bf4 Qb6 13. Qc2 f6 14. Nxd7 Bxd7
15. Bxd6 Qxd6 16. Qb3 b5 17. a3 a6 18. Rad1 Bc6 19. Re3 Nd7 20. Qc2 h6 21. Bh7+
Kh8 22. Bg6 Re7 23. Qe2 Nf8 24. Bb1 Be8 25. Nh4 Rc7 26. Re1 Bf7 27. Qg4 g5 28.
Nf3 h5 29. Qg3 Qxg3 30. hxg3 Kg7 31. Nd2 Nd7 32. f4 g4 33. Bd3 f5 34. Nb3 Rac8
35. R3e2 Rc6 36. Kf2 Kf6 37. Ra1 Rb8 38. Ke1 Bg6 39. Kd2 Bf7 40. Re3 Bg8 41.
Rae1 Bf7 42. Kd1 Bg8 43. R3e2 Bf7 44. Rc2 Rbc8 45. Kd2 R6c7 46. Bf1 Be8 47. Nc1
Nb6 48. Nd3 Nc4+ 49. Kc1 Nd6 50. Nc5 Ne4 51. b4 a5 52. Bd3 a4 1/2-1/2

[Event "Albrecht-Beer-Turnier Gera"]
[Site "Gera"]
[Date "2024.10.03"]
[Round "2.22"]
[White "Barth, Jürgen"]
[Black "Schmidt, Matthias"]
[Result "1/2-1/2"]
[WhiteElo "1815"]
[BlackElo "1993"]
[PlyCount "125"]
[EventDate "2024.10.03"]
[WhiteTeam "Meuselwitzer SV"]
[BlackTeam "TSG Apolda"]

1. e4 e6 2. d4 d5 3. exd5 exd5 4. Bd3 Bd6 5. Nf3 Ne7 6. h3 Bf5 7. Bg5 f6 8. Be3
Qd7 9. Nc3 c6 10. Ne2 Na6 11. c3 Nc7 12. Ng3 Bxd3 13. Qxd3 O-O 14. Ne2 Rae8 15.
O-O Qf5 16. Qd2 Ng6 17. Ng3 Qd7 18. Ne2 Ne6 19. Rae1 Rf7 20. h4 Qc7 21. h5 Ne7
22. g3 Nf5 23. Bf4 Nxf4 24. Nxf4 Rxe1 25. Rxe1 Bxf4 26. Re8+ Rf8 27. Rxf8+ Kxf8
28. Qxf4 Qxf4 29. gxf4 Ke7 30. Kg2 Ke6 31. Nd2 Nd6 32. f3 Nc4 33. Nf1 Nxb2 34.
Ne3 g6 35. hxg6 hxg6 36. Kg3 Nc4 37. f5+ gxf5 38. Nd1 a5 39. Kf4 b6 40. Kg3 a4
41. Kf4 a3 42. Nf2 Nb2 43. Ke3 Nc4+ 44. Kd3 f4 45. Kc2 Na5 46. Nd3 Kf5 47. Kd2
Kg5 48. Ke2 Nb3 49. Nb4 c5 50. dxc5 bxc5 51. Nc2 Nc1+ 52. Kd2 Nxa2 53. Nxa3 Kh4
54. Nb5 Kg3 55. Nc7 d4 56. cxd4 cxd4 57. Kd3 Kxf3 58. Nd5 f5 59. Kxd4 Kg4 60.
Ke5 f3 61. Ne3+ Kg5 62. Nxf5 Nc1 63. Ke4 1/2-1/2